000 00578cas a22001814i 4500
999 _c62648
_d62648
001 768714001
003 CO-MdFUSB
005 20180430170452.0
008 180430s2008 cr ||||| |||| 00| 0 spa d
040 _aCO-MdFUSB
_bspa
_cCO-MdFUSB
_dCO-MdFUSB
041 _aspa
100 1 _aPérez, Marco
_eautor
245 1 0 _aUna perspectiva bíblica del matrimonio
300 _aVolumen 8. Número 1 (2008), páginas 9-11
_c: 28 cm.
650 1 4 _aMATRIMONIO BÍBLICO
773 0 _tConquista Cristiana
_049446
_960261
_gVolumen 8. Número 1 (2008), páginas 9-11
_q página 9
942 _cANA